| 000 | 00754nam a22002417a 4500 | ||
|---|---|---|---|
| 999 |
_c6375 _d6375 |
||
| 001 | 6375 | ||
| 003 | BD-JhCC | ||
| 005 | 20180122164056.0 | ||
| 008 | 180122s2004 bg ap||| |||| 00| 0 ben d | ||
| 020 | _a9844070552 | ||
| 035 | _a(BD-JhCC)6375 | ||
| 040 |
_aBD-JhCC _dBD-JhCC |
||
| 041 | _aben | ||
| 082 |
_a500 _bIBR 2004 |
||
| 100 | _aইব্রাহীম, মুহাম্মদ | ||
| 245 |
_aযা দিয়ে গড়ি / _cমুহাম্মদ ইব্রাহীম |
||
| 260 |
_aঢাকা : _bআহমদ পাবলিশিং হাউস, _c২০০৪. |
||
| 300 |
_a৪৮ পৃ. : _bill.; _c২২ সেমি. |
||
| 504 | _aIncludes Illustration | ||
| 650 | _aScience | ||
| 942 |
_2ddc _cBK |
||